Statistics for World Capitals Without the Letter N

Click here to take the quiz!

General Stats

  • This quiz has been taken 79 times
  • The average score is 88 of 105

Answer Stats

Answer% Correct
Brasilia
100%
Mexico City
98%
Moscow
98%
Oslo
98%
Ottawa
98%
Tokyo
98%
Algiers
95%
Bogota
95%
Bucharest
95%
Budapest
95%
Guatemala City
95%
Madrid
95%
Paris
95%
Rabat
95%
Rome
95%
Seoul
95%
Abu Dhabi
93%
Accra
93%
Addis Ababa
93%
Amsterdam
93%
Bratislava
93%
Brussels
93%
Caracas
93%
Islamabad
93%
Jerusalem
93%
Pretoria
93%
Quito
93%
Reykjavik
93%
Sofia
93%
Warsaw
93%
Abuja
90%
Baku
90%
Belgrade
90%
Cairo
90%
Dhaka
90%
La Paz
90%
Prague
90%
Riga
90%
Stockholm
90%
Taipei
90%
Apia
88%
Jakarta
88%
Kabul
88%
Kiev
88%
Luxembourg
88%
Male
88%
Tbilisi
88%
Vaduz
88%
Valletta
88%
Zagreb
88%
Beirut
86%
Lima
86%
Paramaribo
86%
Podgorica
86%
Port Moresby
86%
Skopje
86%
Tripoli
86%
Baghdad
83%
Bishkek
83%
Damascus
83%
Kuala Lumpur
83%
Muscat
83%
Riyadh
83%
Brazzaville
81%
Dakar
81%
Dili
81%
Doha
81%
Kampala
81%
Khartoum
81%
Lusaka
81%
Tegucigalpa
81%
Ashgabat
79%
Castries
79%
Djibouti
79%
Kigali
79%
Kuwait City
79%
Ouagadougou
79%
Roseau
79%
Suva
79%
Asmara
76%
Bamako
76%
Dodoma
76%
Harare
74%
Praia
74%
Sucre
74%
Thimphu
74%
Basseterre
71%
Libreville
71%
Lome
71%
Malabo
71%
Maputo
71%
Mogadishu
71%
Sarajevo
71%
Yamoussoukro
71%
Gitega
69%
Juba
69%
Maseru
69%
Port Louis
69%
Port Vila
69%
Victoria
69%
Bissau
67%
Palikir
67%
Majuro
64%
South Tarawa
62%
Sao Tome
60%

Score Distribution

Percentile by Number Answered

Percent of People with Each Score

Your Score History

You have not taken this quiz